000 00695cam a2200193 i 4500
005 20260121104137.0
008 250721s2018 jo gr 000 0 ara d
020 _a9789957982690
082 1 4 _a341
_bع م ي
100 1 _aعميرة، سعيد
_eمؤلف.
245 1 0 _aأصول التحكيم الدولي /
_cتأليف الاستاذ الدكتور سعيد عميرة.
250 _aالطبعة الاولى.
264 3 1 _aعمان :
_bدار الأعصار العلمي للنشر والتوزيع،
_c2018.
300 _a272 صفحة.
650 1 7 _aالقانون الدولي.
650 1 7 _aالتحكيم الدولي.
942 _2ddc
_cBK
999 _c139993
_d139993